Sustainable strategies for healthcare estates (Record no. 114787)
[ view plain ]
| 000 -LEADER | |
|---|---|
| fixed length control field | 00790cam a22002415a 4500 |
| 001 - CONTROL NUMBER | |
| control field | L157481 |
| 008 - FIXED-LENGTH DATA ELEMENTS--GENERAL INFORMATION | |
| fixed length control field | 121219s2012 xxk f 000 0 eng d |
| 020 ## - INTERNATIONAL STANDARD BOOK NUMBER | |
| International Standard Book Number | 9781848062979 |
| 035 ## - SYSTEM CONTROL NUMBER | |
| System control number | (Sirsi) u157481 |
| 041 0# - LANGUAGE CODE | |
| Language code of text/sound track or separate title | eng |
| 100 1# - MAIN ENTRY--PERSONAL NAME | |
| Personal name | Clear, Charlene |
| 100 1# - MAIN ENTRY--PERSONAL NAME | |
| Personal name | Hardi, Jennifer |
| 100 1# - MAIN ENTRY--PERSONAL NAME | |
| Personal name | Thorne, Andrew |
| 245 00 - TITLE STATEMENT | |
| Title | Sustainable strategies for healthcare estates |
| 260 ## - PUBLICATION, DISTRIBUTION, ETC. | |
| Place of publication, distribution, etc. | Watford |
| Name of publisher, distributor, etc. | BRE |
| Date of publication, distribution, etc. | 2012 |
| 300 ## - PHYSICAL DESCRIPTION | |
| Extent | 16p. |
| Other physical details | ill. |
| Dimensions | 30cm. |
| 490 #0 - SERIES STATEMENT | |
| Series statement | BRE Information Paper |
| Volume/sequential designation | (24/12) |
| 520 ## - SUMMARY, ETC. | |
| Summary, etc. | Explains the sustainability strategies of the University College London Hospitals. The paper is structured around the 5 themes of waste, procurement, energy, travel and water. |
| 521 ## - TARGET AUDIENCE NOTE | |
| Target audience note | Advanced |
| 651 #4 - SUBJECT ADDED ENTRY--GEOGRAPHIC NAME | |
| Geographic name | United Kingdom |
| Chronological subdivision | |
| 690 ## - LOCAL SUBJECT ADDED ENTRY--TOPICAL TERM (OCLC, RLIN) | |
| Topical term or geographic name as entry element | Sustainability |
| 9 (RLIN) | 6271 |
| 942 ## - ADDED ENTRY ELEMENTS (KOHA) | |
| Suppress in OPAC | 0 |
| Withdrawn status | Lost status | Source of classification or shelving scheme | Damaged status | Not for loan | Home library | Current library | Shelving location | Date acquired | Total Checkouts | Full call number | Barcode | Date last seen | Copy number | Price effective from | Koha item type |
|---|---|---|---|---|---|---|---|---|---|---|---|---|---|---|---|
| Dewey Decimal Classification | London | London | BRE publications | 19/12/2012 | BRE | 30077512 | 06/08/2019 | 1 | 06/08/2019 | Book |